| 000 | 01235cam a2200349 a 4500 | ||
|---|---|---|---|
| 001 | 2978122 | ||
| 005 | 20240818092949.0 | ||
| 008 | 920807r20051993xxkadk fr2b f001 0 eng d | ||
| 010 | _a92029087 | ||
| 020 | _a0198553897 (hbk.) | ||
| 020 | _a0198553889 (pbk.) | ||
| 020 | _a9780198553885 | ||
| 040 |
_aDLC _cDLC _dDLC _dEG-ScBUE |
||
| 082 | 0 | 0 |
_a541.37 _222 _bBRE |
| 100 | 1 |
_aBrett, Christopher M. A. _937299 |
|
| 245 | 1 | 0 |
_aElectrochemistry : _bprinciples, methods, and applications / _cChristopher M.A. Brett and Ana Maria Oliveira Brett. |
| 250 |
_a1st ed., _breprinted. |
||
| 260 |
_aOxford, United Kingdom ; _aNew York, United States : _bOxford University Press, _c2005. |
||
| 300 |
_axxviii, 427 p. : _bcharts, forms, tables ; _c25 cm. |
||
| 490 | 0 | _aOxford science publications | |
| 500 | _aIndex : p. 419-427. | ||
| 500 | _aReprint of the 1993 ed. | ||
| 504 | _aIncludes bibliographical references. | ||
| 650 | 0 |
_aElectrochemistry _95748 |
|
| 653 |
_bENGELC _cJanuary2015 |
||
| 655 |
_vreading book _934232 |
||
| 700 | 1 |
_aBrett, Ana Maria Oliveira _937300 |
|
| 942 |
_2ddc _k541.37 BRE _hRDA-MOD |
||
| 999 |
_c18925 _d18897 |
||
| 336 |
_2rdacontent _atext _btxt |
||
| 337 |
_aunmediated _2rdamedia _bn |
||
| 338 |
_avolume _bnc _2rdacarrier |
||